مكتبة جامعة عجلون الوطنية

فهرس بحث المكتبة

Normal view MARC view
  • رضا، محمد رشيد

Entry Personal Name

Number of records used in: 1

001 - CONTROL NUMBER

  • control field: 35170

003 - CONTROL NUMBER IDENTIFIER

  • control field: JO-AjAnu

005 - DATE AND TIME OF LATEST TRANSACTION

  • control field: 20230606075902.0

008 - FIXED-LENGTH DATA ELEMENTS

  • fixed length control field: 230606|| aca||aabn | a|a d

040 ## - CATALOGING SOURCE

  • Original cataloging agency: JO-AjAnu
  • Transcribing agency: JO-AjAnu

100 ## - HEADING--PERSONAL NAME

  • Personal name: رضا، محمد رشيد

670 ## - SOURCE DATA FOUND

  • Source citation: Work cat.: (JO-AjAnu)18061: رضا، محمد رشيد, author, الربا والمعاملات في الإسلام